U Klenovij vidkryly memorial'nu došku Oleksandrovi Mytraku

Bibliographic Details
Main Author: Iľuk, Miroslav, 1942- (Author)
Other Authors: Tilňák, Ján, 1955- (Photographer)
Format: Article
Language:Ukrainian
PhysicalDescription:Fotogr.
Subjects:

MARC

LEADER 00000nab a2200000 a 4500
001 vtls009514415
003 SK-MaSNL
005 20260319071019.0
008 090519c2008 xo wr p 000 c0ukr
015 |a SNBRB2009/05 
038 |a SVKPOCL 
040 |a SVKPOCL  |b slo  |c SVKPOCL  |e AACR2 
041 0 |a ukr 
044 |a xo  |c SK 
080 |a 81’1-051  |2 2001 
080 |a 82-92-051  |2 2001 
080 |a 2-726.3  |2 2001 
080 |a 929 Mitrák, Alexander  |2 2001 
100 1 |a Iľuk, Miroslav,  |d 1942-  |4 aut  |9 6395 
245 1 0 |a U Klenovij vidkryly memorial'nu došku Oleksandrovi Mytraku  |c [avtor] -mi- ; Foto Ivana Til'njaka. 
300 |b Fotogr. 
545 |a Mytrak, Oleksandr pozri Mitrák, Alexander 
600 1 7 |a Mitrák, Alexander,  |d 1837-1913  |x pamätné tabule  |2 svkpocl  |9 1053924 
648 7 |a 8.11.2008  |2 svkpocl  |9 1045004 
650 0 7 |a lingvisti  |2 svkpocl  |9 119182 
650 0 7 |a publicisti  |2 svkpocl  |9 63929 
650 0 7 |a kňazi  |2 svkpocl  |9 28986 
650 0 7 |a náboženstvo  |2 svkpocl  |9 2023 
650 0 7 |a pamätné tabule  |2 svkpocl  |9 29445 
651 7 |a Klenová (Slovensko)  |x osobnosti  |2 svkpocl  |9 1053925 
651 7 |a Snina (Slovensko : okres)  |2 svkpocl  |9 56337 
700 1 |a Tilňák, Ján,  |d 1955-  |4 pht  |9 546648 
773 0 |t Nove žyttja  |g Roč. 58, č. 47-48 (2008), s. 2 
852 |a SVKPO  |b KIS3GCP 
958 |a UK 
958 |a SK 
958 |a RN 
958 |a NT 
958 |a BX 
999 |c 1732569  |d 1734499